00812 2200181 4500245004000000020002200040250001100062100001400073700001400087650002000101005001900121260003800140041001400178084001100192300002500203500039300228336000900621 aDia adalah KakakkucTere LiyehText a978-602-5734-37-3 aCet. 1 aTere Liye aAndriyati aNovel Indonesia a20230926073007 aJakartabRepublika Penerbitc2018 aIndonesia a808.83 a398 hlm. :c20.5 cm. a"Buat apa kamu memikirkan apa yang dipikirkan orang lain? Buat apa kamu mencemaskan apa yang akan dinilai orang lain? Kekhawatiran, juga kecemasan yang sejatinya tidak pernah ada." Tentang seorang kakak yang mengorbankan apa pun agar adik-adiknya bisa sekolah. Tentang rasa sabar dan penerimaan. Tentang keluarga yang penuh perjuangan.Dulu, sekarang, hingga kapan pun, dia adalah kakakku. atext